00484nam a2200145Ia 4500008004100000041000800041082001200049100002400061245004500085260002500130300003300155365001100188999001700199952012200216240624s9999 xx 000 0 und d aeng a657 DAS aDAS SUBHASH CHANDRA aBUSINESS ACCOUNTING AND FINANCIAL MANAGE c2015aNew DelhibPHI axxvii, : 907 : p. : cm. ; 26 cRSb33 c24455d24455 00104070aIMTNbIMTNcRack 20-Ad2015-09-15eIBHg695.00l0o657 DASp24455r2024-06-24 00:00:00t1w2024-06-24yBK